[Event "Angers op 15th"]
[Site "Angers"]
[Date "2022.05.27"]
[Round "2"]
[White "Barbu Ion, Cosmin"]
[Black "Lambert, Thomas"]
[Result "0-1"]
[WhiteElo "1832"]
[BlackElo "1937"]
[PlyCount "68"]
[EventDate "2022.05.27"]
[EventType "swiss"]
[EventRounds "6"]
[EventCountry "FRA"]
[SourceTitle "CBM 208 Extra"]
[Source "ChessBase"]
[SourceDate "2022.07.31"]
[SourceVersion "1"]
[SourceVersionDate "2022.07.31"]
[SourceQuality "1"]

1. b3 e5 2. Bb2 Nc6 3. e3 d5 4. Bb5 Bd6 5. f4 Qe7 6. Nf3 Bg4 7. fxe5 Bxe5 8. Bxe5 Bxf3 9. Qxf3 Qxe5 10. Bxc6+ bxc6 11. Nc3 Nf6 12. 0-0 0-0 13. Qf4 Rfe8 14. Qxe5 Rxe5 15. Rf4 c5 16. Raf1 Rd8 17. Nb5 c6 18. Nxa7 Re6 19. Ra4 Ra8 20. Rff4 Ne4 21. h3 Nxd2 22. Nxc6 Rae8 23. Ra7 Rxc6 24. Rfxf7 Rg6 25. Rfd7 Nf3+ 26. Kh1 Ne1 27. Rxd5 Nxg2 28. Rxc5 h6 29. Rc3 Nxe3 30. Rd7 Nf1 31. Rd1 Ng3+ 32. Rxg3 Rxg3 33. Kh2 Rc3 34. Rd2 Rec8 0-1

[Event "Avoine op 34th"]
[Site "Avoine"]
[Date "2019.07.24"]
[Round "5"]
[White "Lambert, Thomas"]
[Black "Defromont, Benjamin"]
[Result "0-1"]
[WhiteElo "1965"]
[BlackElo "2245"]
[PlyCount "96"]
[EventDate "2019.07.20"]
[EventType "swiss"]
[EventRounds "9"]
[EventCountry "FRA"]
[SourceTitle "EXT 2020"]
[Source "ChessBase"]
[SourceDate "2019.10.17"]
[SourceVersion "1"]
[SourceVersionDate "2019.10.17"]
[SourceQuality "1"]

1. e4 e6 2. d4 d5 3. Nd2 Nc6 4. Ngf3 Nf6 5. e5 Nd7 6. c4 dxc4 7. Nxc4 Bb4+ 8. Bd2 0-0 9. Bd3 Nb6 10. b3 Nd5 11. 0-0 Bxd2 12. Qxd2 b6 13. Rac1 Bb7 14. Ne3 Nce7 15. Bb1 Rc8 16. Ng5 Ng6 17. Nxd5 Bxd5 18. h4 h6 19. h5 Qxg5 20. Qxg5 hxg5 21. hxg6 f5 22. f4 g4 23. Rc3 c6 24. Kf2 Rfe8 25. Bd3 Kf8 26. b4 b5 27. Rfc1 Rcd8 28. Ra3 Rd7 29. Rd1 Ke7 30. Ra5 Rh8 31. Rd2 Rh6 32. a4 bxa4 33. Rxa4 Rxg6 34. Rb2 Rh6 35. Rb1 Rh2 36. Bf1 Rh8 37. Rba1 Ra8 38. g3 Kf7 39. Ke3 Kg6 40. Be2 Rb7 41. Rc1 Rab8 42. Rca1 Rh8 43. Kd3 Rh2 44. Rg1 a5 45. Rxa5 Rxb4 46. Ra3 Rb2 47. Bd1 Rb1 48. Rf1 Rc1 0-1

[Event "Avoine op 33rd"]
[Site "Avoine"]
[Date "2018.07.27"]
[Round "7"]
[White "Lambert, Thomas"]
[Black "Di Paolo, Marco"]
[Result "1-0"]
[WhiteElo "1967"]
[BlackElo "1883"]
[PlyCount "61"]
[EventDate "2018.07.21"]
[EventType "swiss"]
[EventRounds "9"]
[EventCountry "FRA"]
[SourceTitle "CBM 185 Extra"]
[Source "ChessBase"]
[SourceDate "2018.07.29"]
[SourceVersion "1"]
[SourceVersionDate "2018.07.29"]
[SourceQuality "1"]

1. e4 c5 2. Nf3 g6 3. d4 cxd4 4. Qxd4 Nf6 5. e5 Nc6 6. Qa4 Nd5 7. Qe4 Nc7 8. Nc3 Bg7 9. Be3 d5 10. exd6 Qxd6 11. Bf4 Bxc3+ 12. bxc3 Qe6 13. Bd3 Nd5 14. Bd2 Nf6 15. Qxe6 Bxe6 16. 0-0 0-0 17. Rfe1 Rad8 18. Rab1 b6 19. a4 Na5 20. Nd4 Bd7 21. Rxe7 Nd5 22. Re5 Bxa4 23. Ra1 Be8 24. c4 Ne7 25. Bxa5 Rxd4 26. Bb4 f6 27. Rxe7 Rf7 28. Raxa7 Rd7 29. Re1 Rd8 30. Rb7 b5 31. Ba5 1-0

[Event "FRA-ch Students Blitz"]
[Site "Nancy"]
[Date "2018.02.03"]
[Round "2.3"]
[White "Lambert, Thomas"]
[Black "Villegas, Pierre"]
[Result "0-1"]
[WhiteElo "2030"]
[BlackElo "2334"]
[PlyCount "64"]
[EventDate "2018.02.03"]
[EventType "swiss (blitz)"]
[EventRounds "15"]
[EventCountry "FRA"]
[SourceTitle "EXT 2019"]
[Source "ChessBase"]
[SourceDate "2018.10.10"]
[SourceVersion "1"]
[SourceVersionDate "2018.10.10"]
[SourceQuality "1"]

1. e4 c6 2. d4 d5 3. Nc3 dxe4 4. Nxe4 Nd7 5. Nf3 Ngf6 6. Nxf6+ Nxf6 7. Be2 g6 8. Bf4 Bg7 9. 0-0 0-0 10. Ne5 Be6 11. c3 Qb6 12. Qc2 Rfd8 13. Nc4 Bxc4 14. Bxc4 e6 15. Rfe1 Rac8 16. Red1 Nd5 17. Bg3 a5 18. Qb3 Qa7 19. a4 Rd7 20. Bxd5 Rxd5 21. Rac1 b5 22. Ra1 Bf8 23. Be5 Qa6 24. Rdc1 b4 25. c4 Rd7 26. Rd1 c5 27. Rac1 cxd4 28. Rxd4 Rxd4 29. Bxd4 Rd8 30. Qe3 Qd6 31. Bb6 Bh6 32. Qe1 Qxb6 0-1

[Event "Avoine op 32nd"]
[Site "Avoine"]
[Date "2017.07.22"]
[Round "5"]
[White "Lambert, Thomas"]
[Black "Gatineau, Yovann"]
[Result "0-1"]
[WhiteElo "1885"]
[BlackElo "2215"]
[PlyCount "40"]
[EventDate "2017.07.22"]
[EventType "swiss"]
[EventRounds "9"]
[EventCountry "FRA"]
[SourceTitle "CBM 179 Extra"]
[Source "ChessBase"]
[SourceDate "2017.08.23"]
[SourceVersion "1"]
[SourceVersionDate "2017.08.23"]
[SourceQuality "1"]

1. e4 c5 2. Nf3 d6 3. d4 Nf6 4. dxc5 Nxe4 5. cxd6 Nc6 6. dxe7 Qxd1+ 7. Kxd1 Nxf2+ 8. Ke1 Nxh1 9. exf8Q+ Rxf8 10. Bb5 Bf5 11. Nd4 Be4 12. Kf1 0-0-0 13. c3 Nxd4 14. cxd4 Rd5 15. Be2 Rf5+ 16. Kg1 Rf2 17. Bf1 Re8 18. Nd2 Bd5 19. Kxh1 Re1 20. Kg1 Rexf1+ 0-1

[Event "Sautron op 16th"]
[Site "Sautron"]
[Date "2016.10.28"]
[Round "8.22"]
[White "Guerra, Eric"]
[Black "Lambert, Thomas"]
[Result "1-0"]
[WhiteElo "2016"]
[BlackElo "1864"]
[PlyCount "35"]
[EventDate "2016.10.22"]
[EventType "swiss"]
[EventRounds "9"]
[EventCountry "FRA"]
[SourceTitle "EXT 2019"]
[Source "ChessBase"]
[SourceDate "2018.10.10"]
[SourceVersion "1"]
[SourceVersionDate "2018.10.10"]
[SourceQuality "1"]

1. d4 d5 2. Nf3 Nf6 3. Bf4 c5 4. dxc5 Nc6 5. c3 a5 6. Na3 Bd7 7. e3 Nh5 8. Qxd5 Nxf4 9. exf4 Qc7 10. Qe4 e6 11. Nb5 Qb8 12. Qe3 Be7 13. Rd1 Qc8 14. Nd6+ Bxd6 15. cxd6 0-0 16. Ne5 f6 17. Nxd7 Qxd7 18. Bc4 1-0

[Event "Sables d'Olonne op 3rd"]
[Site "Sables d'Olonne"]
[Date "2016.07.18"]
[Round "4"]
[White "Lambert, Thomas"]
[Black "Grishchenko, Sergey"]
[Result "0-1"]
[WhiteElo "1821"]
[BlackElo "2441"]
[PlyCount "72"]
[EventDate "2016.07.16"]
[EventType "swiss"]
[EventRounds "9"]
[EventCountry "FRA"]
[SourceTitle "CBM 173 Extra"]
[Source "ChessBase"]
[SourceDate "2016.08.29"]
[SourceVersion "1"]
[SourceVersionDate "2016.08.29"]
[SourceQuality "1"]

1. e4 c6 2. d4 d5 3. Nc3 dxe4 4. Nxe4 Nf6 5. Nxf6+ gxf6 6. Nf3 Bf5 7. Bd3 Rg8 8. Bf4 Qa5+ 9. Qd2 Qxd2+ 10. Kxd2 Bxd3 11. Kxd3 Nd7 12. c3 0-0-0 13. Kc2 Nb6 14. Rhe1 e6 15. Bg3 h5 16. Re4 Be7 17. Re2 Rg4 18. Nd2 Rdg8 19. f3 R4g6 20. Rg1 f5 21. Be5 Nd5 22. c4 Rxg2 23. Rgxg2 Rxg2 24. Rxg2 Ne3+ 25. Kd3 Nxg2 26. Nf1 Nh4 27. Ke2 Ng6 28. Bg3 Bf6 29. Kd3 h4 30. Be1 Nf4+ 31. Ke3 Ng2+ 32. Ke2 Nxe1 33. Kxe1 Bxd4 34. b3 Be5 35. h3 Bf4 36. Ke2 b5 0-1

[Event "Sables d'Olonne op 3rd"]
[Site "Sables d'Olonne"]
[Date "2016.07.18"]
[Round "3"]
[White "Lambert, Thomas"]
[Black "Saucourt, Nathan"]
[Result "1-0"]
[WhiteElo "1821"]
[BlackElo "1637"]
[PlyCount "43"]
[EventDate "2016.07.16"]
[EventType "swiss"]
[EventRounds "9"]
[EventCountry "FRA"]
[SourceTitle "CBM 173 Extra"]
[Source "ChessBase"]
[SourceDate "2016.08.29"]
[SourceVersion "1"]
[SourceVersionDate "2016.08.29"]
[SourceQuality "1"]

1. e4 c5 2. Nf3 e6 3. d4 cxd4 4. Nxd4 Nf6 5. Bd3 Nc6 6. c3 Qb6 7. Nd2 Nxd4 8. Nc4 Qc7 9. cxd4 Nxe4 10. Qf3 Bb4+ 11. Ke2 Nf6 12. Bg5 Be7 13. Rac1 0-0 14. h4 h6 15. Bxf6 Bxf6 16. Qe4 Rd8 17. g4 d5 18. Qh7+ Kf8 19. Ne5 Qd6 20. f4 Qb4 21. Rc7 Qxb2+ 22. Ke3 1-0

[Event "Sautron op 14th"]
[Site "Sautron"]
[Date "2014.10.26"]
[Round "8"]
[White "Lambert, Thomas"]
[Black "Rabhi, Chamss Eddine"]
[Result "1-0"]
[WhiteElo "1685"]
[BlackElo "2009"]
[PlyCount "47"]
[EventDate "2014.10.26"]
[EventType "swiss"]
[EventRounds "9"]
[EventCountry "FRA"]
[SourceTitle "EXT 2016"]
[Source "ChessBase"]
[SourceDate "2015.10.08"]
[SourceVersion "1"]
[SourceVersionDate "2015.10.08"]
[SourceQuality "1"]

1. e4 e5 2. Nf3 Nc6 3. Bb5 a6 4. Ba4 Nf6 5. 0-0 Be7 6. Re1 b5 7. Bb3 0-0 8. c3 d5 9. exd5 Nxd5 10. Nxe5 Nxe5 11. Rxe5 c6 12. d4 Bd6 13. Re1 Qh4 14. g3 Qh3 15. Be3 Bg4 16. Qd3 Rae8 17. Nd2 f5 18. Qf1 Qh5 19. Qg2 f4 20. Bxf4 Rxe1+ 21. Rxe1 Bxf4 22. gxf4 Rxf4 23. Re5 Qg6 24. f3 1-0

[Event "Sautron op 21th"]
[Site "Sautron"]
[Date "2014.08.29"]
[Round "2"]
[White "Munkhbayar, Janjaadorj"]
[Black "Lambert, Thomas"]
[Result "1-0"]
[WhiteElo "1992"]
[BlackElo "1675"]
[PlyCount "64"]
[EventDate "2014.08.28"]
[EventType "swiss"]
[EventRounds "6"]
[EventCountry "FRA"]
[SourceTitle "EXT 2015"]
[Source "ChessBase"]
[SourceDate "2014.11.20"]
[SourceVersion "1"]
[SourceVersionDate "2014.11.20"]
[SourceQuality "1"]

1. e4 e5 2. Nf3 Nc6 3. Bb5 a6 4. Ba4 Nf6 5. c3 b5 6. Bc2 Bc5 7. 0-0 d6 8. d4 Bb6 9. a4 Bg4 10. axb5 axb5 11. Rxa8 Qxa8 12. d5 Ne7 13. Na3 Bd7 14. Bg5 Ng6 15. Bxf6 gxf6 16. g3 h5 17. Qe2 h4 18. Kh1 hxg3 19. fxg3 Ke7 20. Ne1 Bh3 21. Ng2 Rh6 22. Ra1 Bg4 23. Qxg4 Qh8 24. h4 Bf2 25. Kh2 Nxh4 26. gxh4 Bxh4 27. Kg1 Bg5 28. Bd1 b4 29. Nc2 Rh1+ 30. Kf2 bxc3 31. bxc3 Qh2 32. Be2 Ke8 1-0